| 000 | 01996nam a2200493Ii 4500 | ||
|---|---|---|---|
| 001 | DIGUNCK0109 | ||
| 003 | NyNyDIG | ||
| 006 | m o d | ||
| 007 | cr ||||||||||| | ||
| 008 | 220413s2020 ck a ob f001 0 spa d | ||
| 035 | _a(OCoLC)1327999949 | ||
| 040 |
_aDGITA _beng _erda _epn _cDGITA |
||
| 020 |
_a9789587940831 _qeBook _qpdf |
||
| 020 |
_z9789587940824 _qrústica |
||
| 020 |
_z9789587940848 _qimpresión bajo demanda |
||
| 043 |
_aa------ _acl----- |
||
| 050 | 1 | 4 | _aDS33.2 ebook |
| 082 | 0 | 4 | _a950 |
| 245 | 0 | 0 |
_aEntre osos y dragones : _bmiradas transdisciplinares sobre las realidades de Asia / _ceditado por Diana Andrea Gómez Díaz y Hernando Cepeda Sánchez. |
| 250 | _aPrimera edición. | ||
| 264 | 1 |
_aBogotá, D.C. : _bUniversidad Nacional de Colombia, _c2020. |
|
| 300 |
_a1 online resource : _billustrations. |
||
| 336 |
_atext _2rdacontent |
||
| 337 |
_acomputer _bc _2rdamedia |
||
| 338 |
_aonline resource _bcr _2rdacarrier |
||
| 347 |
_atext file _2rdaft |
||
| 347 | _bPDF | ||
| 490 | 1 | _aColección Academia | |
| 500 | _a"Facultad de Ciencias Humanas, Sede Bogotá, Universidad Nacional de Colombia." | ||
| 504 | _aIncludes bibliographical references and index. | ||
| 588 | 0 | _aOnline resource; title from PDF title page (Digitalia, viewed April 13, 2022) | |
| 651 | 0 |
_aAsia _xRelations _zLatin America. |
|
| 651 | 0 |
_aLatin America _xRelations _zAsia. |
|
| 655 | 0 | _aElectronic books. | |
| 700 | 1 |
_aGómez, Diana Andrea, _eeditor. |
|
| 700 | 1 |
_aCepeda Sánchez, Hernando, _eeditor. |
|
| 776 | 0 | 8 |
_iPrint version: _tEntre osos y dragones. _bPrimera edición. _dBogotá, D.C. : Universidad Nacional de Colombia, 2020 _z9789587940824 |
| 791 | 2 |
_aDigitalia (Firm), _edistributor. |
|
| 793 | 0 |
_gDigitalia eBook Collection: _aUniversidad Nacional de Colombia |
|
| 830 | 0 | _aColección Academia (Bogotá, Colombia) | |
| 856 | 4 | 0 |
_3Digitalia Hispánica _uhttps://www.digitaliapublishing.com/a/104054/ |
| 910 | _aPremium Collection: 2022 | ||
| 942 | _cRAA | ||
| 999 |
_c270044 _d270044 |
||